000 00510nam a2200193Ia 4500
001 22514
003 GE_BSU
008 181216s||||||||xx |||||||||||||| ||und||
040 _cGE_BSU
080 _aპერიოდიკა
245 4 _aThe Economist, May 12th-181th №9091. 2018
260 _aParis
260 _c2018
300 _a82 p. 27cm. ill.
653 _aThe Economist, May 12th-181th №9091. 2018
653 _aПериодика
653 _aპერიოდიკა
942 _cCR
999 _c55432
_d55432